000 00367nam a2200133Ia 4500
008 230917s9999||||xx |||||||||||||| ||und||
040 _e90700
_aMAIN
041 _aEnglish
082 _a617.7 N167P
100 _aNarender Kumar
245 0 _aPrevalence of corneal blindness in patients with defective vision: A public health problem
300 _a86 p.
942 _cTH
999 _c47955
_d47955